|
|
|
|
| LEADER |
00000cam a22000004a 4500 |
| 001 |
musev2_13437 |
| 003 |
MdBmJHUP |
| 005 |
20230905041501.0 |
| 006 |
m o d |
| 007 |
cr||||||||nn|n |
| 008 |
090923s2010 tnu o 00 0 eng d |
| 010 |
|
|
|z 2009039646
|
| 020 |
|
|
|a 9781572337107
|
| 020 |
|
|
|z 9781572337039
|
| 020 |
|
|
|z 1572337109
|
| 020 |
|
|
|z 1572337036
|
| 035 |
|
|
|a (OCoLC)699521063
|
| 040 |
|
|
|a MdBmJHUP
|c MdBmJHUP
|
| 043 |
|
|
|a n-us---
|a n-mx---
|a n-us-pa
|
| 050 |
0 |
4 |
|a E411
|b .O86 2010
|
| 082 |
0 |
|
|a 973.6/2092
|a B
|2 22
|
| 100 |
1 |
|
|a Oswandel, J. Jacob.
|
| 245 |
1 |
0 |
|a Notes of the Mexican War, 1846-1848 /
|c J. Jacob Oswandel ; edited, with an introduction, by Timothy D. Johnson and Nathaniel Cheairs Hughes, Jr.
|
| 250 |
|
|
|a 1st ed.
|
| 264 |
|
1 |
|a Knoxville :
|b University of Tennessee Press,
|c 2010.
|
| 264 |
|
3 |
|a Baltimore, Md. :
|b Project MUSE,
|c 2012
|
| 264 |
|
4 |
|c ©2010.
|
| 300 |
|
|
|a 1 online resource (392 pages):
|b ill., map ;
|
| 336 |
|
|
|a text
|b txt
|2 rdacontent
|
| 337 |
|
|
|a computer
|b c
|2 rdamedia
|
| 338 |
|
|
|a online resource
|b cr
|2 rdacarrier
|
| 500 |
|
|
|a "Oswandel's book was originally published in 1885"--T.p. verso.
|
| 504 |
|
|
|a Includes bibliographical references and index.
|
| 505 |
0 |
|
|a The drums beat, we are ordered on board -- Bright muskets and bayonets flashing in the sun -- A blundering mistake was made -- The sleep that knows no waking -- You can't fool these Yankees, they are too sharp -- Let them come! Let them come! -- We know no surrender! -- On to Mexico City -- Adventures around the capital -- The morning peace is again in our quarters -- We are coming home -- One mass of people, cheering.
|
| 588 |
|
|
|a Description based on print version record.
|
| 600 |
1 |
0 |
|a Oswandel, J. Jacob.
|
| 650 |
|
0 |
|a Mexican War, 1846-1848
|x Regimental histories.
|
| 650 |
|
0 |
|a Soldiers
|z United States
|v Biography.
|
| 650 |
|
0 |
|a Mexican War, 1846-1848
|v Personal narratives, American.
|
| 610 |
1 |
0 |
|a United States.
|b Army.
|b Pennsylvania Infantry Regiment, 1st (1846-1848)
|
| 655 |
|
7 |
|a Electronic books.
|2 local
|
| 700 |
1 |
|
|a Oswandel, J. Jacob.
|t Notes of the Mexican War, 1846-47-48.
|
| 700 |
1 |
|
|a Hughes, Nathaniel Cheairs.
|
| 700 |
1 |
|
|a Johnson, Timothy D.,
|d 1957-
|
| 710 |
2 |
|
|a Project Muse.
|e distributor
|
| 830 |
|
0 |
|a Book collections on Project MUSE.
|
| 856 |
4 |
0 |
|z Texto completo
|u https://projectmuse.uam.elogim.com/book/13437/
|
| 945 |
|
|
|a Project MUSE - Custom Collection
|
| 945 |
|
|
|a Project MUSE - 2010 US Regional Studies, New England and Mid Atlantic
|
| 945 |
|
|
|a Project MUSE - 2010 Complete
|